00730 2200205 4500001002100000005001700021008004100038035002400079040001200103082001400115090001900129100001800148245019800166260004800364300002600412500003800438650001800476850001200494990001800506INLIS00000000002322320161017112105.0  0010-101600000000175 aYOPDYOG 223a350.6 aSK 350.6 Tri P aTRI SUHANDONO aPengaruh efektivitas kerja aparatur pencatatan sipil terhadap peningkatan kualitas pelayananb(Suatu study kasus di Kantor Pencatatan Sipil Pemerintah Daerah TK. II Yogyakarta)c/ Tri Suhandono aYogyakartabUniversitas Widya Mataramc2001 aix, 79 hlm.c; 30 cm. aSkripsi Universitas Widya Mataram aCatatan sipil aYOPDYOG a45613-PD/A.12